000 00311nam a22001337a 4500
008 170504b xxu||||| |||| 00| 0 eng d
020 _a826689
041 _aeng
080 _a343.9
100 _a14
101 _aSHJ
245 _aTHE DIMENSIONS OF CRIMINAL JUSTICE PLANNING
_cSHANAHAN, D.T
942 _2udc
_cBK
999 _c12646
_d12646